000 00669nam a2200205Ia 4500
003 GCL
008 140319s9999 xx 000 0 ara d
040 _aGCL /
_cGCL
082 0 4 _a155.4
_bج ت
100 1 _aجرانت، ايفا
245 1 0 _aتعاون الاباء والمدرسين /
_cجرانت، ايفا
700 1 _aمحمد نسيم رأفت
260 _aالقاهرة :
_bمكتبة النهضة المصرية ،
_c1994
300 _a95 ص ؛
_c18 سم
490 _aسلسلة دراسات سيكولوجية
_v8
650 0 4 _aالصحافة
650 0 4 _aالاباء والابناء
650 0 4 _aمجالس الاباء
942 _2ddc
_cBK
999 _c29545
_d29545